• 首页
  • 本馆介绍
  • 公告通知
  • 最新文献
  • 馆藏检索
  • 电子资源
  • 读者导购
  • 参考咨询
  • 我的图书馆
  • 登录
  • 详细信息显示
  • 放入我的书架
  • 预约/预借图书
  • 作者相关作品
  • 分类相关作品
  • 丛书相关作品
  • 出版社相关作品

书目信息

  • 表格格式
  • 工作单格式
  • 卡片格式
题名:
教育的目的
    
 
作者: 怀特海 著 ;周邦宪 译
分册:  
出版信息: 北京   商务印书馆  2023
页数: 221页
开本: 21cm
丛书名: 怀特海思想系列丛书
单 册:
中图分类: G40-011
科图分类:
主题词: 教育目的--文集
电子资源:
ISBN: 978-7-100-22663-9
000 01158nam 2200289 450
001 012024000272
005 20240924225235.0
010    @a978-7-100-22663-9@b精装@dCNY68.00
100    @a20240924d2023 em y0chiy50 ea
101 1  @achi@ceng
102    @aCN@b110000
105    @ay z 000yy
106    @ar
200 1  @a教育的目的@Ajiao yu de mu di@dThe aims of education@f(英)阿尔弗雷德·诺思·怀特海(Alfred North Whitehead)著@g周邦宪译@zeng
210    @a北京@c商务印书馆@d2023
215    @a221页@d21cm
225 2  @a怀特海思想系列丛书
305    @a据美国新美国世界文学图书馆1949年版译出
330    @a本书是怀特海有关教育的演讲论文集,反映了他的教育观念。全书分为教育的目的、教育的节奏、对自由和纪律的要求应有一定的节奏、经典在教育中的地位、数学课程、大学及其职能等共十章。
410  0 @12001 @a怀特海思想系列丛书
510 1  @aAims of education@zeng
606 0  @a教育目的@j文集
690    @aG40-011@v5
701  1 @c(英)@a怀特海@Ahuai te hai@g(Whitehead, Alfred North)@f(1861-1947)@4著
702  0 @a周邦宪@Azhou bang xian@4译
801  0 @aCN@bAHXH@c20240924
905    @b214140419@b214140428@b214140437@b214140446@b214140455@dG40-011@e1417@f5
    
    教育的目的=The aims of education/(英)阿尔弗雷德·诺思·怀特海(Alfred North Whitehead)著/周邦宪译.-北京:商务印书馆,2023
    221页;21cm.-(怀特海思想系列丛书)
    
    
    ISBN 978-7-100-22663-9(精装):CNY68.00
    本书是怀特海有关教育的演讲论文集,反映了他的教育观念。全书分为教育的目的、教育的节奏、对自由和纪律的要求应有一定的节奏、经典在教育中的地位、数学课程、大学及其职能等共十章。
●
相关链接 在E读中查询图书 在五车中查询图书 在当当中查询图书 在豆瓣中查询图书


正题名:教育的目的     索取号:G40-011/1417         预约/预借

序号 登录号 条形码 馆藏地/架位号 状态 备注
1 1414041   214140419   第一样本阅览室/ [索取号:G40-011/1417] 在馆    
2 1414042   214140428   第四借阅区/ [索取号:G40-011/1417] 在馆    
3 1414043   214140437   第四借阅区/ [索取号:G40-011/1417] 在馆    
4 1414044   214140446   第四借阅区/ [索取号:G40-011/1417] 在馆    
5 1414045   214140455   第四借阅区/ [索取号:G40-011/1417] 在馆    
唐山师范学院图书馆 欢迎您!
大连网信软件有限公司© 版权所有